Tokio Hotel ALL songs - Part 2 - Statistics

General Stats
  • This quiz has been taken 21 times
  • The average score is 36 of 107
Answer Stats
Kings Of Suburbia % Correct
Monsoon
83%
Feel It All
67%
Girl Got A Gun
67%
Kings of Suburbia
67%
Scream
67%
Don't Jump
61%
Runaway
61%
Schrei
61%
An deiner Seite (Ich bin da)
56%
An deiner seite (Ich bin da)
56%
Bad Love
56%
Darkside of The Sun
56%
Durch den Monsun
56%
Ready, Set, Go!
56%
Spring nicht
56%
What If
56%
White Lies (feat. VIZE)
56%
1000 Meere
50%
Automatic
50%
Chateau
50%
Dream Machine
50%
Masquerade
50%
Break Away
44%
By Your Side
44%
Cotton Candy Sky
44%
Easy
44%
HIM
44%
Invaded
44%
Run, Run, Run
44%
1000 Oceans
39%
Humanoid
39%
Just a Moment (feat. VVAVES)
39%
Louder Than Love
39%
Love Who Loves You Back
39%
Rette mich
39%
Smells Like Summer (feat. ÁSDÍS)
39%
Übers Ende der Welt
39%
Ain't Happy
33%
Berlin (feat. VVAVES)
33%
Boy Don't Cry
33%
Dancing In The Dark
33%
Dreamer
33%
Elysa
33%
Final Day
33%
Forever Now
33%
Für immer jetzt
33%
Great Day
33%
Happy People (feat. Daði Freyr)
33%
Here Comes The Night
33%
Home (from the Netflix Series 'Kaulitz & Kaulitz')
33%
Hurricanes and Suns
33%
Something New
33%
Sonnensystem
33%
Stop, Babe
33%
Stormy Weather
33%
The Weekend
33%
When We Were Younger
33%
World Behind My Wall
33%
As Young As We Are
28%
Automatisch
28%
Better
28%
Covered In Gold
28%
Durch den Monsun 2020
28%
Geh
28%
Hungover You
28%
Ich brech aus
28%
It's So Hard to Live
28%
Lebe die Sekunde
28%
Mädchen Aus Dem All
28%
Never Let You Down
28%
Noise
28%
Rescue Me
28%
We Found Us
28%
Another Lover
22%
Back to the Ocean
22%
Behind Blue Eyes (feat. VIZE)
22%
Black
22%
Der letzte Tag
22%
Komm
22%
Lass uns laufen
22%
Phantomrider
22%
SORRY NOT SORRY (with Badchieff)
22%
Fahr mit mir (4x4) with Kraftklub
17%
Geisterfahrer
17%
Live Every Second
17%
Monsoon 2020
17%
The Heart Gets No Sleep
17%
When It Rains It Pours
17%
Your Christmas
17%
I Needn'd You
11%
Instant Karma!
11%
Melancholic Paradise
11%
Monsun O Koete
11%
Nicht's wird besser
11%
Nothing's Like Before
6%
Raise Your Hands Together
6%
Schwerelos
6%
Strange (feat. Kerli)
6%
I Am (feat. Rock Mafia, Wyclef Jean, David Correy)
0%
If I Die Tomorrow (with Far East Movement)
0%
Schoenes Mädchen Aus Dem All
0%
Vogel aus Gold (with Nisse)
0%
No matching quizzes found
Score Distribution
Percent of People with Each Score
Percentile by Number Answered
Your Score History
You have not taken this quiz